| 000 | 01869cam a2200397La 4500 | ||
|---|---|---|---|
| 999 |
_c258 _d258 |
||
| 001 | .b1518433x | ||
| 003 | OCoLC | ||
| 005 | 20190802144851.0 | ||
| 008 | 151012s2013 enka 001 0 eng | ||
| 020 | _a9781409364450 (hbk.) : | ||
| 020 | _a1409364453 (hbk.) : | ||
| 035 |
_a(OCoLC)828097386 _z(OCoLC)844058565 _z(OCoLC)868739410 |
||
| 040 |
_aNz _beng _cNZKAP _dOCLCO _dAUMCS _dOKU _dMK _dUKMGB _dAUGEN _dOCLCF _dYDXCP _dAU@ _dAUMCS _dTWWZU |
||
| 041 | 0 | _aeng | |
| 042 | _anbic | ||
| 082 | 0 | _a320 POL | |
| 245 | 0 | 4 |
_aThe politics book / _c[Paul Kelly, consultant editor] |
| 260 |
_aLondon : _bDK, _cc2013. |
||
| 300 |
_a352 p. : _bill. (some col.) ; _c25 cm. |
||
| 490 | 1 | _aBig ideas simply explained. | |
| 500 | _aIncludes index. | ||
| 505 | 0 | _aAncient political thought, 800 BCE-30 CE -- Medieval politics, 30 CE-1515 CE -- Rationality and enlightenment, 1515-1770 -- Revolutionary thoughts, 1770-1848 -- The rise of the masses, 1848-1910 -- The clash of ideologies, 1910-1945 -- Postwar politics, 1945-present. | |
| 520 | _aLearning about the vast concept of politics can be daunting, this book makes it easier than ever by giving you all the big ideas, simply explained. It includes more than 100 ideas in the history of politics that are helpfully broken down so that abstract topics, such as theoretical foundations and practical applications become real. | ||
| 650 | 0 | _aPolitical science. | |
| 700 | 1 |
_aKelly, P. J. _q(Paul Joseph) _eConsultant editor |
|
| 700 | 1 |
_aDacombe, Rod _eContributor |
|
| 700 | 1 |
_aFarndon, John _eContributor |
|
| 700 | 1 |
_aHodson, A.S. _eContributor |
|
| 700 | 1 |
_aJohnson, Jesper _eContributor |
|
| 700 | 1 |
_aKishtainy, Niall _eContributor |
|
| 700 | 1 |
_aMeadway, James _eContributor |
|
| 700 | 1 |
_aPusca, Anca _eContributor |
|
| 700 | 1 |
_aWeeks, Marcus _eContributor |
|
| 830 | 0 | _aBig ideas simply explained. | |
| 942 |
_2ddc _cNFIC |
||